Historia de la América española
Uloženo v:
| Hlavní autor: | |
|---|---|
| Médium: | Kniha |
| Jazyk: | španělština |
| Vydáno: |
Madrid, España
Saturnino Calleja
1924
|
| Témata: | |
| Tagy: |
Přidat tag
Žádné tagy, Buďte první, kdo vytvoří štítek k tomuto záznamu!
|
MARC
| LEADER | 00000nam a2200000 a 4500 | ||
|---|---|---|---|
| 001 | UCO2882 | ||
| 003 | CL-VaPUC | ||
| 005 | 20230904105913.0 | ||
| 008 | 000608e19240000SP |||||||||||||||||spa|d | ||
| 999 | |c 289374 |d 289372 | ||
| 040 | |c Pontificia Universidad Católica de Valparaíso | ||
| 082 | 0 | 4 | |a 980 PER 1924 |2 21 |
| 100 | 0 | |a Pereyra, Carlos |e author |9 446224 | |
| 245 | 1 | 0 | |a Historia de la América española |
| 260 | |a Madrid, España |b Saturnino Calleja |c 1924 | ||
| 300 | |a volúmenes | ||
| 500 | |a v.2: El imperio español | ||
| 500 | |a v.3: Méjico | ||
| 500 | |a v.4: las repúblicas del Plata | ||
| 500 | |a v.6: Colombia, Venezuela, Ecuador | ||
| 500 | |a v.7: Perú y Bolivia | ||
| 500 | |a v.8: Chile | ||
| 583 | |a last modification |c 20000608 00:00:00 |k Rodrigo Vera | ||
| 650 | 0 | |a Historia de América |9 266076 | |
| 650 | 0 | |a Pueblos de América |2 CL-VaPUC |9 446252 | |
| 650 | 0 | |a América Precolombina |9 446253 | |
| 650 | 0 | |a América colonial |9 446254 | |
| 650 | 0 | |a Independencia Americana |9 395691 | |
| 651 | 0 | |a América |9 255182 | |
| 651 | 0 | |a México |9 255269 | |
| 651 | 0 | |a Río de La Plata |2 CL-VaPUC |9 320568 | |
| 651 | 0 | |a Colombia |9 256424 | |
| 651 | 0 | |a Chile |2 CL-VaPUC |9 254862 | |
| 651 | 0 | |a Perú |9 256567 | |
| 651 | 0 | |a Bolivia |9 255454 | |
| 651 | 0 | |a Venezuela |9 254993 | |
| 651 | 0 | |a Ecuador |9 258378 | |
| 852 | |a BIBCUR | ||
| 942 | |c BK |2 ddc | ||
| 945 | |d 20000608 00:00:00 |a rherrera | ||
| 952 | |0 0 |1 0 |2 ddc |4 0 |6 980_000000000000000_PER_1924 |7 0 |8 X |9 337714 |a BIBHIS |b BIBHIS |d 2019-11-20 |h v.2 |i 1288601 |o 980 PER 1924 |p 1288601 |r 2024-01-30 |t 1 |w 2019-11-20 |y BK_X |k HIS | ||
| 952 | |0 0 |1 0 |2 ddc |4 0 |6 980_000000000000000_PER_1924 |7 0 |8 X |9 337715 |a BIBHIS |b BIBHIS |d 2019-11-20 |h v.3 |i 128861K |o 980 PER 1924 |p 128861K |r 2024-01-30 |t 1 |w 2019-11-20 |y BK_X |k HIS | ||
| 952 | |0 0 |1 0 |2 ddc |4 0 |6 980_000000000000000_PER_1924 |7 0 |8 X |9 337716 |a BIBHIS |b BIBHIS |d 2019-11-20 |h v.4 |i 1288628 |o 980 PER 1924 |p 1288628 |r 2024-01-30 |t 1 |w 2019-11-20 |y BK_X |k HIS | ||
| 952 | |0 0 |1 0 |2 ddc |4 0 |6 980_000000000000000_PER_1924 |7 0 |8 X |9 337717 |a BIBHIS |b BIBHIS |d 2019-11-20 |h v.6 |i 1288636 |o 980 PER 1924 |p 1288636 |r 2024-01-30 |t 1 |w 2019-11-20 |y BK_X |k HIS | ||
| 952 | |0 0 |1 0 |2 ddc |4 0 |6 980_000000000000000_PER_1924 |7 0 |8 X |9 337718 |a BIBHIS |b BIBHIS |d 2019-11-20 |h v.7 |i 1288644 |o 980 PER 1924 |p 1288644 |r 2024-01-30 |t 1 |w 2019-11-20 |y BK_X |k HIS | ||
| 952 | |0 0 |1 0 |2 ddc |4 0 |6 980_000000000000000_PER_1924 |7 0 |8 X |9 337719 |a BIBHIS |b BIBHIS |d 2019-11-20 |h v.8 |i 1288652 |o 980 PER 1924 |p 1288652 |r 2024-01-30 |t 1 |w 2019-11-20 |y BK_X |k HIS | ||